Digital circuits and design (Record no. 13547)
[ view plain ]
| 000 -LEADER | |
|---|---|
| fixed length control field | 00433nam a22001457a 4500 |
| 020 ## - INTERNATIONAL STANDARD BOOK NUMBER | |
| International Standard Book Number | 9789332543539 |
| 082 ## - DEWEY DECIMAL CLASSIFICATION NUMBER | |
| Classification number | 621.3815 KOT |
| 100 ## - MAIN ENTRY--PERSONAL NAME | |
| Personal name | D. P. Kothari |
| 245 ## - TITLE STATEMENT | |
| Title | Digital circuits and design |
| 260 ## - PUBLICATION, DISTRIBUTION, ETC. | |
| Place of publication, distribution, etc. | New Delhi |
| Name of publisher, distributor, etc. | Pearson |
| Date of publication, distribution, etc. | 2016 |
| 300 ## - PHYSICAL DESCRIPTION | |
| Extent | PV |
| Other physical details | ill.; |
| 650 ## - SUBJECT ADDED ENTRY--TOPICAL TERM | |
| Topical term or geographic name entry element | Digital circuits |
| -- | Number systems |
| -- | Digital logic |
| -- | Sequential circuits |
| -- | Combinational circuits |
| -- | Airthmetic operation |
| 700 ## - ADDED ENTRY--PERSONAL NAME | |
| Personal name | J. S. Dhillon |
| 942 ## - ADDED ENTRY ELEMENTS (KOHA) | |
| Koha item type | Book |
| Withdrawn status | Lost status | Damaged status | Not for loan | Collection code | Permanent Location | Current Location | Shelving location | Date acquired | Source of acquisition | Cost, normal purchase price | Total Checkouts | Total Renewals | Full call number | Barcode | Date last seen | Date last checked out | Price effective from | Koha item type |
|---|---|---|---|---|---|---|---|---|---|---|---|---|---|---|---|---|---|---|
| Central Library (CL) | Central Library (CL) | General Stacks | 04/15/2016 | Allied Book Company | 568.00 | 6 | 1 | 621.3815 KOT | SEECS013426 | 05/30/2025 | 09/29/2024 | 04/16/2016 | Book |
